[Event "DAGIJ"]
[Site "SchemingMind.com"]
[Date "2023.02.08"]
[Round "-"]
[White "JAHI"]
[Black "CapaChess"]
[Result "0-1"]
[WhiteCountry "INT"]
[BlackCountry "CUB"]
[WhiteElo "2175"]
[WhiteRD "71"]
[BlackElo "2462"]
[BlackRD "64"]
[GameID "731338"]

1. e3 d5 2. g3 Nc6 3. Bb5 Qd6 4. Kf1 a6 5. Bxc6+ Qxc6 6. d3 e5 7. h3 Be6 8. Rh2 O-O-O 9. Nc3 Bd6 10. e4 Ne7
11. Nf3 f5 12. Bg5 fxe4 13. dxe4 dxe4 14. Nd2 h6 15. Bxe7 Bxe7 16. Qe1 Ba3 17. bxa3 Qxc3 18. Nxe4 Qxc2 19. Kg1 Bd5 20. f3 Qd3
21. Rf2 Qxa3 22. Nd2 Rhe8 23. Kh2 Qa4 24. Rc1 Kb8 25. h4 b6 26. Ne4 Bb7 27. Qe3 Rd4 28. Rc3 Red8 29. Rfc2 Rd3 30. Qe2 Bxe4
31. fxe4 Rxc3 32. Rxc3 Rd4 33. Re3 g6 34. Kh3 h5 35. Qg2 Qd7+ 36. Kh2 Kb7 37. a3 Qd6 38. g4 Rd2 39. Re2 Rd3 40. gxh5 gxh5
41. a4 Qf6 42. Qf2 Rf3 43. Qe1 Qf4+ 44. Kg1 a5 45. Rg2 Re3 46. Qf2 Qxe4 47. Kh2 Rf3 48. Qd2 Rf4 49. Qd1 Rxh4+ 50. Kg1 Rg4
51. Rxg4 Qxg4+ 52. Qxg4 hxg4 53. Kf2 b5 54. axb5 a4 55. Kg3 a3 56. Kxg4 a2 57. Kf5 a1=Q 58. b6 Kxb6 59. Ke4 Kc5 60. Kf5 Kd5
61. Kg4 Ke4 62. Kg5 Qa6 63. Kg4 Qg6+ 64. Kh3 Kf3 65. Kh4 Qg4#
0-1

[Event "DAGIJ"]
[Site "SchemingMind.com"]
[Date "2023.02.08"]
[Round "-"]
[White "CapaChess"]
[Black "JAHI"]
[Result "1-0"]
[WhiteCountry "CUB"]
[BlackCountry "INT"]
[WhiteElo "2507"]
[WhiteRD "62"]
[BlackElo "2146"]
[BlackRD "74"]
[GameID "731339"]

1. e4 b6 2. d4 Bb7 3. Bd3 g6 4. h4 Bg7 5. Nf3 Kf8 6. h5 gxh5 7. Ng5 h6 8. Nxf7 Kxf7 9. Qxh5+ Kf8 10. e5 d6
11. Qf5+ Nf6 12. exf6 exf6 13. Be3 Nc6 14. Nc3 Ne7 15. Qf4 a6 16. Rh5 b5 17. Ne2 Qd7 18. Qh2 Nd5 19. Qg3 Re8 20. Bd2 Bc6
21. Kf1 Re7 22. Qh4 Qe6 23. a4 b4 24. Ng3 Qf7 25. Nf5 Re6 26. g3 Ke8 27. Nxg7+ Qxg7 28. Rxd5 Bxd5 29. Qh5+ Kf8 30. Qxd5 Qf7
31. Bc4 Re7 32. Qxf7+ Rxf7 33. Bxb4 h5 34. Kg2 Rg7 35. Rh1 Ke7 36. Bxa6 h4 37. a5 Rb8 38. Bc3 hxg3 39. fxg3 Ke6 40. Bd3 c6
41. Kf3 Rbg8 42. Rh3 Kd7 43. a6 Kc7 44. Ba5+ Kb8 45. Bd2 Ka7 46. Bf4 Rd8 47. d5 c5 48. Rh6 Rf7 49. Ke2 Rc8 50. b3 Re8+
51. Kd2 Rd8 52. g4 Rg8 53. Bxd6 Kb6 54. Be5 Rxg4 55. Bxf6 Ka7 56. Bd8 Rb4 57. Ba5 Rb8 58. Rc6 Rg7 59. Kc3 c4 60. Bxc4 Rg3+
61. Kb2 Rg5 62. Bd2 Re5 63. Rc7+ Kb6 64. a7 Kxc7 65. axb8=Q+ Kxb8 66. Bf4 Kc7 67. Bxe5+ Kd8 68. d6 Kd7 69. c3 Kd8 70. Be6 Ke8
71. Bf6 Kf8 72. c4 Ke8 73. d7+ Kf8 74. d8=Q#
1-0

[Event "DAGIJ"]
[Site "SchemingMind.com"]
[Date "2023.02.08"]
[Round "-"]
[White "JAHI"]
[Black "Megabulles"]
[Result "0-1"]
[WhiteCountry "INT"]
[BlackCountry "GER"]
[WhiteElo "2158"]
[WhiteRD "75"]
[BlackElo "2300"]
[BlackRD "70"]
[GameID "731340"]

1. e3 d5 2. g3 Nf6 3. Bg2 c5 4. Kf1 Nc6 5. d3 e5 6. Nc3 Be6 7. e4 dxe4 8. Nxe4 Nxe4 9. Bxe4 Qd7 10. Bg2 Be7
11. Ne2 c4 12. b3 cxd3 13. Qxd3 Qxd3 14. cxd3 O-O-O 15. Be4= Bh3+ 16. Bg2 Bxg2+ 17. Kxg2 Rxd3 18. h3 Rhd8 19. Be3 Kb8 20. Rhb1 b6
21. a3 Na5 22. Nc1 Rc3 23. Ra2 Rd1 24. a4 Bb4 25. Rab2 Ba3 26. Ne2 Rxb1 27. Rxb1 Rxb3 28. Rxb3 Nxb3 29. Nc3 Bc5 30. h4 Bxe3
31. fxe3 Nc5 32. Kf1 Kb7 33. Ke1 f5 34. Kd1 Ne4 35. Nb5 a6 36. Na3 Nc3+ 37. Kc2 Nxa4 38. Nc4 Kc6 39. Nxe5+ Kd5 40. Nd7 Ke4
41. Kd2 a5 42. Nb8 Nc5 43. Nc6 a4 44. h5 a3 45. Kc1 Na4 46. Nd4 a2 47. Nc2 g5 48. Kd2 Kf3 49. Kd3 Kxg3 50. Kc4 Kf2
51. Kb4 g4 52. Kxa4 g3 53. Kb3 g2 54. Kxa2 g1=Q 55. Na3 Kxe3 56. Kb3 Kd3 57. Kb4 Qc5+ 58. Kb3 h6 59. Ka2 Qb4 60. Nb1 Qa4+
61. Kb2 Qc2+ 62. Ka1 Qb3 63. Nd2 Qd1+ 64. Kb2 Kxd2 65. Ka3 Kc3 66. Ka2 Qc2+ 67. Ka1 Qb2#
0-1

[Event "DAGIJ"]
[Site "SchemingMind.com"]
[Date "2023.02.08"]
[Round "-"]
[White "Megabulles"]
[Black "JAHI"]
[Result "1-0"]
[WhiteCountry "GER"]
[BlackCountry "INT"]
[WhiteElo "2264"]
[WhiteRD "72"]
[BlackElo "2175"]
[BlackRD "71"]
[GameID "731341"]

1. d4 b6 2. e4 Bb7 3. Bd3 g6 4. Nf3 Bg7 5. c3 Kf8 6. Be3 d6 7. Nbd2 Nd7 8. O-O h6 9. Re1 g5 10. h3 e6
11. Nf1 Ne7 12. Qc2 a6 13. Rad1 b5 14. Ng3 Kg8 15. Nh5 Nf6 16. Nxg7 Kxg7 17. b3 g4 18. hxg4 Nxg4 19. c4 Nxe3 20. Rxe3 b4
21. e5 d5 22. Qe2 a5 23. Nh2 h5 24. Rg3+ Kf8 25. c5 Nc6 26. Nf3 h4 27. Rg4 h3 28. g3 Ke8 29. Kh2 Kd7 30. Ng5 Rg8
31. Nh7 Rxg4 32. Qxg4 Kc8 33. Bb5 Qh8 34. Ng5 Qg7 35. Qf4 Nd8 36. Qf6 Qg8 37. Kxh3 Qg6 38. Qxg6 fxg6 39. Kg4 Ba6 40. Bxa6+ Rxa6
41. Rh1 Nc6 42. Rh8+ Kd7 43. Rh7+ Ke8 44. Nxe6 Nxe5+ 45. dxe5 Rxe6 46. f4 Re7 47. Rxe7+ Kxe7 48. f5 c6 49. fxg6 d4 50. Kf4 d3
51. Ke3 d2 52. Kxd2 Ke6 53. Ke3 Ke7 54. Kf4 Ke6 55. Kg5 Kxe5 56. g7 Kd4 57. g8=Q Kxc5 58. Qc4+ Kb6 59. Kf6 c5 60. Ke6 Kc6
61. Qa6+ Kc7 62. Qxa5+ Kc6 63. Qa6+ Kc7 64. Ke7 c4 65. Qxc4+ Kb6 66. Kd7 Ka5 67. g4 Kb6 68. Qxb4+ Ka6 69. Kc7 Ka7 70. Qb7#
1-0

[Event "DAGIJ"]
[Site "SchemingMind.com"]
[Date "2023.02.08"]
[Round "-"]
[White "LockettJ"]
[Black "CapaChess"]
[Result "0-1"]
[WhiteCountry "ENG"]
[BlackCountry "CUB"]
[WhiteElo "2106"]
[WhiteRD "89"]
[BlackElo "2518"]
[BlackRD "65"]
[GameID "731342"]

1. c4 e5 2. g3 Nf6 3. Bg2 d5 4. cxd5 Nxd5 5. Nc3 Nb6 6. Nf3 Nc6 7. O-O Be7 8. a3 O-O 9. b4 Be6 10. Rb1 f6
11. d3 a5 12. b5 Nd4 13. Nd2 Qc8 14. e3 Nf5 15. Bb2 a4 16. Qc2 Nd6 17. Nde4 Nf7 18. d4 Rd8 19. Nc5 Bxc5 20. dxc5 Bb3
21. Qc1 Nc4 22. Nd5 Qd7 23. Bc3 e4 24. Nf4 Re8 25. Re1 Qf5 26. Bd4 Nce5 27. Bxe5 fxe5 28. Nh3 Re6 29. Rf1 Rh6 30. f4 Rxh3
31. Rxb3 axb3 32. Bxh3 Qxh3 33. Qc4 Rxa3 34. Rd1 Kf8 35. Qc1 Ra2 36. Rd2 exf4 37. exf4 Qh5 38. Rxa2 bxa2 39. Kg2 Qe2+ 40. Kh3 e3
41. Qa1 Qc2 42. Qd4 e2
0-1

[Event "DAGIJ"]
[Site "SchemingMind.com"]
[Date "2023.02.08"]
[Round "-"]
[White "CapaChess"]
[Black "LockettJ"]
[Result "1-0"]
[WhiteCountry "CUB"]
[BlackCountry "ENG"]
[WhiteElo "2532"]
[WhiteRD "62"]
[BlackElo "2085"]
[BlackRD "85"]
[GameID "731343"]

1. e4 e6 2. d4 d5 3. Nc3 Bb4 4. e5 c5 5. a3 Bxc3+ 6. bxc3 Ne7 7. Qg4 cxd4 8. Qxg7 Rg8 9. Qxh7 Qc7 10. Ne2 dxc3
11. f4 Nbc6 12. Qd3 Bd7 13. Qxc3 Nf5 14. Rb1 O-O-O 15. h3 d4 16. Qc4 f6 17. g4 Nh4 18. exf6 Rgf8 19. Rg1 Rxf6 20. Rg3 e5
21. f5 Rdf8 22. Bg5 Be6 23. Qc5 b6 24. Qb5 Nxf5 25. gxf5 Rxf5 26. Bg2 e4 27. Qa6+ Kb8 28. Bh6 Bc8 29. Qa4 R8f6 30. Bg7 Rd6
31. Rb5 d3 32. Rxf5 Bxf5 33. cxd3 exd3 34. Nc3 d2+ 35. Kd1 Bg6 36. Bxc6 Qxc6 37. Qxc6 Rxc6 38. Kxd2 Kb7 39. Ke3 Rd6 40. h4 Rd3+
41. Kf4 Rxg3 42. Kxg3 Kc6 43. Kg4 a5 44. Kg5 Bh7 45. a4 Kc5 46. Be5 Kb4 47. h5 Ka3 48. Kh6 Bf5 49. Kg7 Kb4 50. Nd5+ Kc5
51. Ne7 Be4 52. Ng6 Kb4 53. h6
1-0

[Event "DAGIJ"]
[Site "SchemingMind.com"]
[Date "2023.02.08"]
[Round "-"]
[White "LockettJ"]
[Black "Megabulles"]
[Result "0-1"]
[WhiteCountry "ENG"]
[BlackCountry "GER"]
[WhiteElo "2079"]
[WhiteRD "85"]
[BlackElo "2358"]
[BlackRD "69"]
[GameID "731344"]

1. d4 d5 2. c4 c6 3. Nf3 Nf6 4. e3 Bg4 5. h3 Bh5 6. g4 Bg6 7. Ne5 Nbd7 8. Nxg6 hxg6 9. Qb3 e6 10. Qxb7 Rb8
11. Qxc6 Bb4+ 12. Bd2 Ne4 13. Bxb4 Rxb4 14. Nc3 Rxb2 15. cxd5 Nxf2 16. dxe6 O-O 17. Rb1 Ne5 18. Rxb2 Nxc6 19. Rxf2 Qa5 20. Kd2 Rc8
21. Bc4 Ne7 22. Rc1 Rxc4 23. exf7+ Kf8 24. Kd3 Rc7 25. Rfc2 Kxf7 26. Ke2 Qa6+ 27. Kd2 Qd6 28. Kd3 Kg8 29. Nb5 Rxc2 30. Nxd6 Rxc1
31. a4 Ra1 32. a5 Rxa5 33. Nc4 Ra1 34. e4 a5 35. d5 a4 36. Nd6 Rd1+ 37. Kc2 a3 38. Kb3 Rd3+ 39. Kc2 a2 40. Kb2 Rd2+
41. Ka1 Nc6 42. Nc4 Rd4 43. Ne3 Rxe4 44. Kxa2 Rxe3 45. dxc6 Rc3
0-1

[Event "DAGIJ"]
[Site "SchemingMind.com"]
[Date "2023.02.08"]
[Round "-"]
[White "Megabulles"]
[Black "LockettJ"]
[Result "1-0"]
[WhiteCountry "GER"]
[BlackCountry "ENG"]
[WhiteElo "2300"]
[WhiteRD "70"]
[BlackElo "2047"]
[BlackRD "87"]
[GameID "731345"]

1. d4 Nf6 2. Nf3 g6 3. Bg5 Bg7 4. Nbd2 O-O 5. c3 d5 6. e3 Nbd7 7. Be2 Re8 8. O-O e5 9. h3 c6 10. a4 a5
11. Rc1 Qe7 12. Qc2 e4 13. Nh2 Nb6 14. Ng4 Bxg4 15. hxg4 Qd6 16. Bf4 Qd8 17. g5 Nfd7 18. c4 Nf8 19. Bg3 Qxg5 20. cxd5 cxd5
21. Qc7 Nxa4 22. Qxb7 Reb8 23. Bxb8 Rxb8 24. Qxb8 Bxd4 25. exd4 Qxd2 26. Rc8 Qb4 27. Qxb4 axb4 28. Ra1 Nb6 29. Rxf8+ Kxf8 30. Ra6 Nc4
31. Bxc4
1-0

[Event "DAGIJ"]
[Site "SchemingMind.com"]
[Date "2023.02.08"]
[Round "-"]
[White "CapaChess"]
[Black "Megabulles"]
[Result "1-0"]
[WhiteCountry "CUB"]
[BlackCountry "GER"]
[WhiteElo "2369"]
[WhiteRD "75"]
[BlackElo "2195"]
[BlackRD "74"]
[GameID "731346"]

1. e4 c5 2. d4 cxd4 3. c3 Nf6 4. e5 Nd5 5. Nf3 e6 6. cxd4 b6 7. Nc3 Nxc3 8. bxc3 Qc7 9. Bd2 Be7 10. Bd3 Ba6
11. Bxa6 Nxa6 12. Qe2 Nb8 13. Qe4 Nc6 14. Qg4 g6 15. O-O d5 16. exd6 Bxd6 17. h4 h5 18. Qe4 O-O 19. g4 hxg4 20. Qxg4 Ne7
21. h5 Kg7 22. Kg2 Qc6= 23. Rh1 Rh8 24. Rae1 Rac8 25. c4
1-0

[Event "DAGIJ"]
[Site "SchemingMind.com"]
[Date "2023.02.08"]
[Round "-"]
[White "Megabulles"]
[Black "CapaChess"]
[Result "1/2-1/2"]
[WhiteCountry "GER"]
[BlackCountry "CUB"]
[WhiteElo "2195"]
[WhiteRD "74"]
[BlackElo "2369"]
[BlackRD "75"]
[GameID "731347"]

1. d4 Nf6 2. Nf3 d5 3. e3 e6 4. Bd3 Be7 5. Nbd2 c5 6. c3 b6 7. Ne5 O-O 8. Qe2 Bb7 9. O-O Qc7 10. b3 Ne4
11. Bb2 Nxd2 12. Qxd2 f6 13. Nf3 e5 14. dxe5 fxe5 15. e4 dxe4 16. Bc4+ Kh8 17. Ng5 Bxg5 18. Qxg5 h6 19. Qh4 Nc6 20. Bd5 Rad8
21. Rad1 Ne7 22. Bxb7 Rxd1 23. Rxd1 Qxb7 24. Qg4 Qc6 25. h3 Ng6 26. Bc1 Nf4 27. Bxf4 exf4 28. Qd7 Qg6 29. Rd6 Qg5 30. Rd5 Qf6
31. Qd6 Qxd6 32. Rxd6 Kg8 33. Re6=
1/2-1/2